Loading...
| Current Events | 1 | 10.00 | 100% | 0% | 0% |
| Fine Arts - Classical Music | 6 | 10.00 | 83% | 17% | 0% |
| Fine Arts - Other Fine Arts | 4 | 10.00 | 75% | 25% | 0% |
| Geography | 1 | 20.00 | 100% | 100% | 0% |
| History - American History | 5 | 16.00 | 100% | 40% | 20% |
| History - European History | 5 | 14.00 | 100% | 40% | 0% |
| History - Other History | 4 | 12.50 | 100% | 25% | 0% |
| History - World History | 3 | 16.67 | 100% | 33% | 33% |
| Literature - American Literature | 7 | 15.71 | 86% | 57% | 14% |
| Literature - British Literature | 3 | 3.33 | 33% | 0% | 0% |
| Literature - European Literature | 7 | 12.86 | 100% | 29% | 0% |
| Literature - World Literature | 1 | 10.00 | 100% | 0% | 0% |
| Mythology | 5 | 16.00 | 100% | 40% | 20% |
| Painting/Sculpture | 3 | 13.33 | 100% | 33% | 0% |
| Philosophy | 2 | 20.00 | 100% | 100% | 0% |
| Pop Culture | 2 | 25.00 | 100% | 100% | 50% |
| Religion | 2 | 20.00 | 100% | 50% | 50% |
| Science - Biology | 5 | 16.00 | 100% | 0% | 60% |
| Science - Chemistry | 8 | 16.25 | 75% | 88% | 0% |
| Science - Other Science | 4 | 12.50 | 100% | 25% | 0% |
| Science - Physics | 5 | 16.00 | 100% | 40% | 20% |
| Social Science | 3 | 10.00 | 67% | 0% | 33% |